00936nam a2200289Ia 4500001000700000003000500007008004100012010001100053040000900064082001500073100008500088245008600173260003700259300001000296440000500306500000500311503000500316650011300321650005200434901001500486902000600501910000900507942000600516942000700522999001900529952009800548Z_1624CHAP220113s1987 xx 000 0 und d a164711 cCHAP a636.08 R46 aReunión de Investigación Pecuaria en México (1987: México, D.F.)9138787 aMemorias /cpor Instituto Nacional de Investigaciones Forestales y Agropecuarias aMéxico :bEl Instituto,c1987 a444 p a a a aGanaderíaxCongresos I. Instituto Nacional de Investigaciones Forestales y Agropecuarias. México9137752 aGanaderíaxInvestigaciónxMéxico 9137364 a636.08 R46 aA a1987 c1 cc1 c164711d164711 00102ddc40708GRALaZbZc3d2005-11-09pz_1504r2022-01-18 00:00:00t1w2022-01-18yLIBRO